[Event "SG Bochum 3 - SV Rot-Weiß-Altenessen 1"]
[Site "Verbandsklasse - Gruppe 1 202"]
[Date "2021.11.14"]
[Round "2.6"]
[White "Illner, Jan"]
[Black "Avgustin, Thomas"]
[Result "1/2-1/2"]
[WhiteElo "1616"]
[BlackElo "1731"]
[PlyCount "130"]
[EventDate "2021.??.??"]
[WhiteTeam "SG Bochum 3"]
[BlackTeam "SV Rot-Weiß-Altenessen 1"]

1. e4 c5 2. Nc3 Nc6 3. f4 e6 4. Nf3 d5 5. exd5 exd5 6. Bb5 Be7 7. O-O Nf6 8.
Ne5 Qc7 9. d3 O-O 10. Bxc6 bxc6 11. Bd2 Bd6 12. Re1 Re8 13. Na4 Bxe5 14. fxe5
Rxe5 15. Nxc5 Bg4 16. Qc1 Rae8 17. Rxe5 Qxe5 18. c3 d4 19. b4 Be2 20. Bf4 Qf5
21. cxd4 Nd5 22. Bd2 Bxd3 23. Nb3 Re2 24. Qf1 Qg6 25. Re1 Re6 26. Rxe6 fxe6 27.
Qf3 Bc4 28. Nc5 Nxb4 29. Bxb4 Qb1+ 30. Kf2 Qxb4 31. Qxc6 Qd2+ 32. Kg3 Qe3+ 33.
Qf3 Qxf3+ 34. Kxf3 Bxa2 35. Ke4 Kf7 36. Ke5 a5 37. Kd6 Bc4 38. Kc6 Bd5+ 39. Kb5
Bxg2 40. Kxa5 Kf6 41. Kb4 g5 42. Kc3 h5 43. Kd2 Bd5 44. Ke3 Kf5 45. Kf2 Kf4 46.
Ke2 g4 47. Kf2 h4 48. Nd3+ Ke4 49. Ne5 Kf5 50. Nd3 Be4 51. Nc1 Bc2 52. Ke3 g3
53. hxg3 h3 54. Kf2 Be4 55. Kg1 Bf3 56. Nd3 Ke4 57. Nf2+ Kxd4 58. Nxh3 e5 59.
Nf2 Ke3 60. g4 Ke2 61. g5 Bh5 62. Kg2 Bg6 63. Kg1 Bf7 64. Ng4 e4 65. Nf2 e3
1/2-1/2

[Event "SG Bochum 3 - SV Rot-Weiß-Altenessen 1"]
[Site "Verbandsklasse - Gruppe 1 202"]
[Date "2021.11.14"]
[Round "2.7"]
[White "Drawe, Thomas"]
[Black "Wingender, Christof"]
[Result "1/2-1/2"]
[WhiteElo "1813"]
[BlackElo "1850"]
[PlyCount "44"]
[EventDate "2021.??.??"]
[WhiteTeam "SV Rot-Weiß-Altenessen 1"]
[BlackTeam "SG Bochum 3"]

1. c4 e5 2. g3 Nf6 3. Bg2 g6 4. Nc3 Bg7 5. d3 O-O 6. Nf3 d6 7. h3 Re8 8. Be3 c5
9. Qd2 Nc6 10. Bh6 Be6 11. Bxg7 Kxg7 12. Ng5 Rb8 13. Nxe6+ Rxe6 14. Nd5 Re8 15.
O-O Nxd5 16. cxd5 Nd4 17. Rab1 b6 18. Kh2 h6 19. f4 exf4 20. Qxf4 Rb7 21. e3
Nc2 22. Rf3 Nb4 1/2-1/2

[Event "FS Dortmund 1 - SV Mülheim-Nord 4"]
[Site "Verbandsklasse - Gruppe 1 202"]
[Date "2021.11.14"]
[Round "2.1"]
[White "Beckmann, Klaus"]
[Black "Reichmann, Oleg"]
[Result "1/2-1/2"]
[WhiteElo "1860"]
[BlackElo "2054"]
[PlyCount "65"]
[EventDate "2021.??.??"]
[WhiteTeam "SV Mülheim-Nord 4"]
[BlackTeam "FS Dortmund 1"]

1. d4 Nf6 2. c4 e6 3. Nf3 d5 4. g3 Be7 5. Nc3 O-O 6. Bg2 c6 7. O-O Nbd7 8. b3
Re8 9. Bb2 Nf8 10. c5 Ng6 11. b4 Qc7 12. Re1 Bf8 13. e4 dxe4 14. Nxe4 Nd5 15.
Qb3 a5 16. a3 Rd8 17. Rac1 Bd7 18. Nc3 axb4 19. Nxd5 exd5 20. axb4 b5 21. Re3
Be7 22. Rce1 Bf6 23. Ne5 Be6 24. f4 Bxe5 25. fxe5 Ra4 26. Bf3 Rda8 27. Bd1 Qd7
28. Qc3 R4a7 29. Rf1 Bh3 30. Rf2 Bg4 31. Bc2 Re8 32. Re1 Qd8 33. Ra1 1/2-1/2

[Event "FS Dortmund 1 - SV Mülheim-Nord 4"]
[Site "Verbandsklasse - Gruppe 1 202"]
[Date "2021.11.14"]
[Round "2.2"]
[White "Hein, Erwin"]
[Black "Schuermann-Vengels, Jan"]
[Result "1/2-1/2"]
[WhiteElo "1985"]
[BlackElo "1873"]
[PlyCount "81"]
[EventDate "2021.??.??"]
[WhiteTeam "FS Dortmund 1"]
[BlackTeam "SV Mülheim-Nord 4"]

1. d4 Nf6 2. Nf3 e6 3. c4 b6 4. Nc3 Bb4 5. Qc2 Bb7 6. e3 Ne4 7. Bd3 f5 8. Bd2
Bxc3 9. Bxc3 O-O 10. Rc1 c5 11. Qe2 Na6 12. O-O Rf6 13. Nd2 Rh6 14. Bxe4 fxe4
15. f4 Nc7 16. f5 d5 17. dxc5 exf5 18. Rxf5 Bc8 19. Rf2 bxc5 20. Be5 Ne6 21.
cxd5 Qxd5 22. Bf4 Rf6 23. Qc4 Qxc4 24. Nxc4 Ba6 25. Be5 Rxf2 26. Kxf2 Rd8 27.
Ke2 Kf7 28. b3 Kg6 29. Bb2 Rd5 30. Ke1 Kf5 31. Rc2 Rd3 32. Rf2+ Kg5 33. Ke2
Bxc4 34. bxc4 Rd7 35. Rf1 Kg6 36. Ba3 Rd3 37. Bb2 Rd7 38. Ba3 Rd3 39. Bb2 Rd7
40. Ba3 Rd3 41. Bb2 1/2-1/2

[Event "FS Dortmund 1 - SV Mülheim-Nord 4"]
[Site "Verbandsklasse - Gruppe 1 202"]
[Date "2021.11.14"]
[Round "2.3"]
[White "Fleischer, Michael"]
[Black "Khess, Igor"]
[Result "0-1"]
[WhiteElo "1806"]
[BlackElo "1969"]
[PlyCount "86"]
[EventDate "2021.??.??"]
[WhiteTeam "SV Mülheim-Nord 4"]
[BlackTeam "FS Dortmund 1"]

1. e4 e6 2. d4 b6 3. Nf3 Bb7 4. Nc3 d6 5. Bd3 Nd7 6. O-O g6 7. Re1 Bg7 8. Be3
Ne7 9. Qd2 h6 10. h3 a6 11. a4 Nf6 12. Rab1 Qd7 13. b4 Rd8 14. Qe2 Qc8 15. Nd2
Qa8 16. f3 Nd7 17. Nd1 O-O 18. Bf2 Rfe8 19. Nb3 Qc8 20. Nb2 e5 21. c3 d5 22.
Qd2 dxe4 23. fxe4 exd4 24. cxd4 Nf6 25. Rbc1 Nc6 26. b5 axb5 27. axb5 Nb8 28.
Bg3 Nxe4 29. Bxe4 Bxe4 30. Bxc7 Rd5 31. Bxb6 Qb7 32. Nc4 Re6 33. Nc5 Bxd4+ 34.
Qxd4 Rxd4 35. Nxb7 Rxb6 36. Ncd6 Bxb7 37. Re8+ Kg7 38. Nxb7 Rxb7 39. Rcc8 Nd7
40. Rg8+ Kf6 41. Rc6+ Ke7 42. Rh8 h5 43. Rh7 Rb6 0-1

[Event "FS Dortmund 1 - SV Mülheim-Nord 4"]
[Site "Verbandsklasse - Gruppe 1 202"]
[Date "2021.11.14"]
[Round "2.4"]
[White "Mewes, Karsten"]
[Black "Hausrath, Michaela"]
[Result "1-0"]
[WhiteElo "1955"]
[BlackElo "1674"]
[PlyCount "123"]
[EventDate "2021.??.??"]
[WhiteTeam "FS Dortmund 1"]
[BlackTeam "SV Mülheim-Nord 4"]

1. Nf3 Nf6 2. c4 e6 3. b3 b6 4. g3 Bb7 5. Bg2 Be7 6. O-O O-O 7. Bb2 c5 8. e3 d5
9. d3 Nc6 10. Nc3 Rb8 11. a3 dxc4 12. bxc4 Qd7 13. Qe2 Rfd8 14. Rfd1 h6 15.
Rab1 Qe8 16. Ne1 Na5 17. f4 Bxg2 18. Kxg2 Qc6+ 19. Nf3 Rb7 20. Kg1 Qc8 21. e4
Nc6 22. e5 Nh7 23. Ne4 Rbd7 24. g4 Na5 25. f5 exf5 26. gxf5 Kh8 27. Kh1 Rg8 28.
e6 fxe6 29. Ne5 Rf8 30. fxe6 Rc7 31. Ng6+ Kg8 32. Nxf8 Bxf8 33. Rg1 Nc6 34.
Rbf1 Nd4 35. Bxd4 cxd4 36. Nf6+ Nxf6 37. Rxf6 Qb7+ 38. Qg2 Bxa3 39. Rxh6 Qxg2+
40. Rxg2 b5 41. Rh4 bxc4 42. Rxd4 cxd3 43. Rxd3 Rc1+ 44. Rg1 Rxg1+ 45. Kxg1
Bc5+ 46. Kg2 Kf8 47. Rd7 a5 48. Kf3 a4 49. Ke4 a3 50. Kd5 Be7 51. Ra7 g5 52. h3
Bb4 53. Ra4 Be7 54. Ra8+ Kg7 55. Kc6 Kf6 56. Kd7 Bb4 57. Ra4 Be7 58. Ra6 a2 59.
Rxa2 Bc5 60. e7 Bxe7 61. Rf2+ Kg6 62. Kxe7 1-0

[Event "FS Dortmund 1 - SV Mülheim-Nord 4"]
[Site "Verbandsklasse - Gruppe 1 202"]
[Date "2021.11.14"]
[Round "2.5"]
[White "Stoer, Agnes"]
[Black "Grube, Joerg"]
[Result "0-1"]
[WhiteElo "1685"]
[BlackElo "1853"]
[PlyCount "58"]
[EventDate "2021.??.??"]
[WhiteTeam "SV Mülheim-Nord 4"]
[BlackTeam "FS Dortmund 1"]

1. c4 e6 2. Nc3 d5 3. d4 Be7 4. e4 dxe4 5. Nxe4 Nf6 6. Ng3 c5 7. Nf3 Nc6 8. Be3
cxd4 9. Nxd4 Bb4+ 10. Ke2 Nxd4+ 11. Qxd4 Bd7 12. a3 Be7 13. f3 O-O 14. Kf2 e5
15. Qxe5 Re8 16. Qc3 Rc8 17. Be2 Nd5 18. Qb3 Nxe3 19. Ne4 f5 20. c5+ Kh8 21.
Nd6 Bxd6 22. cxd6 Qh4+ 23. g3 Qd4 24. Rac1 Ng4+ 25. Kg2 Rxc1 26. Qf7 Rxe2+ 27.
Kh3 Nf2+ 28. Kg2 Ne4+ 29. Kh3 Ng5# 0-1

[Event "FS Dortmund 1 - SV Mülheim-Nord 4"]
[Site "Verbandsklasse - Gruppe 1 202"]
[Date "2021.11.14"]
[Round "2.6"]
[White "Brendemuehl, Bernd"]
[Black "Horn, Ruediger"]
[Result "1-0"]
[WhiteElo "1944"]
[BlackElo "1748"]
[PlyCount "41"]
[EventDate "2021.??.??"]
[WhiteTeam "FS Dortmund 1"]
[BlackTeam "SV Mülheim-Nord 4"]

1. e4 d5 2. exd5 Nf6 3. c4 c6 4. dxc6 Nxc6 5. Nc3 Bf5 6. Nf3 e6 7. a3 a5 8. d4
Be7 9. Be2 O-O 10. O-O Qb6 11. d5 Rfd8 12. Be3 Qxb2 13. Na4 Qc2 14. Nb6 Rab8
15. Qxc2 Bxc2 16. dxc6 bxc6 17. Rfc1 Bb3 18. c5 Ne4 19. Ne5 Rxb6 20. cxb6 Bf6
21. Nxc6 1-0

[Event "FS Dortmund 1 - SV Mülheim-Nord 4"]
[Site "Verbandsklasse - Gruppe 1 202"]
[Date "2021.11.14"]
[Round "2.7"]
[White "Khanzadayev, Sabir"]
[Black "Schlaeger, Reiner"]
[Result "1/2-1/2"]
[WhiteElo "1668"]
[BlackElo "1579"]
[PlyCount "53"]
[EventDate "2021.??.??"]
[WhiteTeam "SV Mülheim-Nord 4"]
[BlackTeam "FS Dortmund 1"]

1. e4 e5 2. Nf3 Nc6 3. Bb5 Bc5 4. c3 Nf6 5. d3 Qe7 6. Bg5 h6 7. Bh4 g5 8. Bg3
d6 9. h3 Nh5 10. Bh2 Nf4 11. Bxf4 gxf4 12. Nbd2 Rg8 13. Rg1 Bd7 14. Qa4 Nb8 15.
Bxd7+ Qxd7 16. Qxd7+ Nxd7 17. d4 Bb6 18. Nc4 f6 19. Nxb6 axb6 20. Nh4 Nf8 21.
g4 fxg3 22. Rxg3 Rxg3 23. fxg3 h5 24. Kd2 Ne6 25. Nf5 Kf7 26. h4 Ng7 27. Nxg7
1/2-1/2

[Event "FS Dortmund 1 - SV Mülheim-Nord 4"]
[Site "Verbandsklasse - Gruppe 1 202"]
[Date "2021.11.14"]
[Round "2.8"]
[White "Rauschenbusch, Udo"]
[Black "Tarasenko, Maxim"]
[Result "0-1"]
[WhiteElo "1661"]
[BlackElo "1437"]
[PlyCount "83"]
[EventDate "2021.??.??"]
[WhiteTeam "FS Dortmund 1"]
[BlackTeam "SV Mülheim-Nord 4"]

1. d4 Nf6 2. g3 g6 3. c4 Bg7 4. Bg2 O-O 5. Nf3 c6 6. O-O d5 7. b3 Ne4 8. Bb2
Bf5 9. Nbd2 Nd7 10. Nh4 Nxd2 11. Qxd2 Be6 12. Rac1 Nf6 13. Nf3 Ne4 14. Qd1 Rc8
15. Nd2 Nf6 16. Nf3 Rc7 17. Ng5 Bf5 18. f3 Bh6 19. h4 Ne8 20. e4 dxe4 21. fxe4
Bd7 22. d5 cxd5 23. Nxf7 Rxf7 24. Rxf7 Kxf7 25. Qxd5+ e6 26. Rf1+ Kg8 27. Qd3
Bg7 28. Qf3 Nd6 29. Bxg7 Kxg7 30. e5 Nf5 31. Rd1 Qe7 32. Qd3 Qc5+ 33. Kh2 Qxe5
34. Kh3 Bc6 35. Bxc6 bxc6 36. Rd2 c5 37. Re2 Qd4 38. Qf3 e5 39. Re4 Qd6 40. h5
Rf7 41. Qg4 Nh6 42. hxg6 0-1

[Event "SV Königsspringer Haltern 1 - SV Horst-"]
[Site "Verbandsklasse - Gruppe 2 202"]
[Date "2021.11.14"]
[Round "2.1"]
[White "Renn, Thorsten"]
[Black "Lombardi, Marco"]
[Result "1/2-1/2"]
[WhiteElo "1877"]
[BlackElo "1930"]
[PlyCount "54"]
[EventDate "2021.??.??"]
[WhiteTeam "SV Horst-Emscher 2"]
[BlackTeam "SV Königsspringer Haltern 1"]

1. e4 c5 2. Nf3 d6 3. d4 cxd4 4. Nxd4 Nf6 5. Nc3 a6 6. Bg5 e6 7. f4 Be7 8. Qf3
Qc7 9. O-O-O Nc6 10. Nxc6 bxc6 11. e5 dxe5 12. fxe5 Nd5 13. Bxe7 Qxe7 14. Ne4
O-O 15. c4 Nb6 16. Nf6+ Kh8 17. Bd3 gxf6 18. exf6 Qc5 19. Kb1 Nd7 20. Bc2 Qg5
21. Rxd7 Bxd7 22. Qh3 h6 23. Qd3 Qg6 24. Qc3 Qg5 25. Qd3 Qf5 26. Qc3 Qg4 27.
Qd3 Qf5 1/2-1/2

[Event "SV Königsspringer Haltern 1 - SV Horst-"]
[Site "Verbandsklasse - Gruppe 2 202"]
[Date "2021.11.14"]
[Round "2.2"]
[White "Michalicek, Roland"]
[Black "Becker, Marco"]
[Result "0-1"]
[WhiteElo "1847"]
[BlackElo "1919"]
[PlyCount "120"]
[EventDate "2021.??.??"]
[WhiteTeam "SV Königsspringer Haltern 1"]
[BlackTeam "SV Horst-Emscher 2"]

1. e4 c6 2. d4 d5 3. Nc3 dxe4 4. Nxe4 Nf6 5. Nxf6+ exf6 6. c3 Bf5 7. Bc4 Bd6 8.
Nf3 O-O 9. O-O Bg4 10. Qd3 Qd7 11. Re1 b5 12. Bb3 Bf5 13. Qf1 Na6 14. a4 Nc7
15. axb5 cxb5 16. Be3 a5 17. Bd1 Be6 18. Be2 Rfb8 19. Red1 Bd5 20. Rd2 h6 21.
Bd1 a4 22. Qd3 f5 23. Ne5 Qe6 24. g3 Be4 25. Qe2 f6 26. Ng6 Qe8 27. Qh5 Kh7 28.
Nf4 g5 29. Nh3 Qxh5 30. Bxh5 f4 31. gxf4 Bf5 32. Nxg5+ fxg5 33. fxg5 Rg8 34. h4
Ne6 35. d5 Nf4 36. Bxf4 Bxf4 37. Rd4 hxg5 38. Bf7 Rg7 39. Be6 Bxe6 40. dxe6
gxh4+ 41. Kh1 Bg5 42. f4 Be7 43. Rd5 Rb8 44. f5 Bf6 45. Rc5 Kh6 46. Rd5 Rbg8
47. Rxb5 Rg3 48. Kh2 Re3 49. Rxa4 Be5+ 50. Rxe5 Rxe5 51. Rf4 Kg5 52. Rf2 Kf6
53. b4 Rg3 54. c4 Rg4 55. Rc2 Ree4 56. c5 Rxb4 57. c6 Rbc4 58. Re2 Rge4 59. Rg2
Rxc6 60. e7 Kxe7 0-1

[Event "SV Königsspringer Haltern 1 - SV Horst-"]
[Site "Verbandsklasse - Gruppe 2 202"]
[Date "2021.11.14"]
[Round "2.3"]
[White "Verfuerth, Christian"]
[Black "Schulz, Alfons"]
[Result "1-0"]
[WhiteElo "1824"]
[BlackElo "1784"]
[PlyCount "73"]
[EventDate "2021.??.??"]
[WhiteTeam "SV Horst-Emscher 2"]
[BlackTeam "SV Königsspringer Haltern 1"]

1. d4 Nf6 2. Nf3 e6 3. e3 b6 4. Bd3 Bb7 5. O-O Be7 6. c4 O-O 7. Nc3 d5 8. cxd5
exd5 9. Bd2 Nbd7 10. Rc1 Ne4 11. Qc2 f5 12. Ne2 Bd6 13. Bb5 c5 14. Ng3 Kh8 15.
b3 Rc8 16. Qd3 a6 17. Bxd7 Qxd7 18. Rc2 Rf6 19. Rfc1 Rcf8 20. Bc3 Rh6 21. dxc5
bxc5 22. Be5 Qe7 23. Bxd6 Qxd6 24. a3 Qg6 25. b4 d4 26. bxc5 Bc6 27. Ne5 Qe6
28. Nxc6 Qxc6 29. Qxd4 Qc7 30. c6 Rd6 31. Qc4 Rfd8 32. h3 Rd1+ 33. Kh2 h5 34.
Rxd1 Rxd1 35. Qe2 Nxf2 36. Qxh5+ Kg8 37. Rxf2 1-0

[Event "SV Königsspringer Haltern 1 - SV Horst-"]
[Site "Verbandsklasse - Gruppe 2 202"]
[Date "2021.11.14"]
[Round "2.4"]
[White "Eusgeld, Michael"]
[Black "Doenges, Dirk"]
[Result "1/2-1/2"]
[WhiteElo "1783"]
[BlackElo "1753"]
[PlyCount "43"]
[EventDate "2021.??.??"]
[WhiteTeam "SV Königsspringer Haltern 1"]
[BlackTeam "SV Horst-Emscher 2"]

1. d4 d5 2. c4 c6 3. cxd5 cxd5 4. Nc3 Nf6 5. Nf3 g6 6. e3 Bg7 7. Bb5+ Bd7 8.
O-O Bxb5 9. Nxb5 a6 10. Nc3 O-O 11. b4 Nc6 12. a3 Rc8 13. Bb2 Qd6 14. Na4 Ne4
15. Nc5 Rc7 16. Rc1 Rfc8 17. Qb3 Nd8 18. Nxe4 dxe4 19. Nd2 Rxc1 20. Rxc1 Rxc1+
21. Bxc1 Qc6 22. Qc4 1/2-1/2

[Event "SV Königsspringer Haltern 1 - SV Horst-"]
[Site "Verbandsklasse - Gruppe 2 202"]
[Date "2021.11.14"]
[Round "2.5"]
[White "Tobczewski, Peter"]
[Black "Backmann, Hans"]
[Result "1-0"]
[WhiteElo "1869"]
[BlackElo "1774"]
[PlyCount "39"]
[EventDate "2021.??.??"]
[WhiteTeam "SV Horst-Emscher 2"]
[BlackTeam "SV Königsspringer Haltern 1"]

1. e4 c5 2. Nf3 a6 3. d4 cxd4 4. Nxd4 e6 5. Bd3 Qc7 6. O-O Nf6 7. c4 Be7 8. Nc3
Nc6 9. Nxc6 bxc6 10. Be3 d5 11. exd5 cxd5 12. cxd5 exd5 13. h3 O-O 14. Re1 Be6
15. Bd4 Qd7 16. Qe2 Rfe8 17. Bxa6 Qd6 18. Bb5 Bd7 19. Bxd7 Qxd7 20. Qb5 1-0

[Event "SV Königsspringer Haltern 1 - SV Horst-"]
[Site "Verbandsklasse - Gruppe 2 202"]
[Date "2021.11.14"]
[Round "2.6"]
[White "Poeter, Manfred"]
[Black "Hiebsch, Catalina"]
[Result "0-1"]
[WhiteElo "1779"]
[BlackElo "1811"]
[PlyCount "100"]
[EventDate "2021.??.??"]
[WhiteTeam "SV Königsspringer Haltern 1"]
[BlackTeam "SV Horst-Emscher 2"]

1. e4 c5 2. Nf3 g6 3. d4 cxd4 4. Nxd4 Bg7 5. c3 Nc6 6. Bc4 d6 7. O-O Nf6 8.
Nxc6 bxc6 9. e5 Nd5 10. Bxd5 cxd5 11. Qxd5 Be6 12. Qc6+ Bd7 13. Qe4 Bxe5 14.
Bh6 Rb8 15. b3 Rc8 16. f4 Qb6+ 17. Kh1 f5 18. Qe1 Bf6 19. Rf3 Qa5 20. Re3 Kf7
21. a4 e6 22. Ra2 Rhe8 23. Rc2 e5 24. Na3 e4 25. Nc4 Qc5 26. Rd2 d5 27. Rh3
Bxa4 28. Ne5+ Bxe5 29. fxe5 Bxb3 30. Bf4 h5 31. Qh4 Re6 32. Rg3 Qa3 33. h3 Qa1+
34. Kh2 Rxc3 35. Rxc3 Qxc3 36. Qd8 Qc5 37. Rb2 Rb6 38. Bg5 d4 39. Qd7+ Kg8 40.
Bf6 Qf8 41. Qxa7 Rb4 42. Qa3 Qb8 43. Qa6 Rb6 44. Qa3 Rxf6 45. Rxb3 Qxe5+ 46. g3
h4 47. Qa2 hxg3+ 48. Rxg3+ Kg7 49. Qa7+ Rf7 50. Qb6 Qf6 0-1

[Event "SV Königsspringer Haltern 1 - SV Horst-"]
[Site "Verbandsklasse - Gruppe 2 202"]
[Date "2021.11.14"]
[Round "2.7"]
[White "Konietzka, Bernd"]
[Black "Truszkowski, Hans"]
[Result "1/2-1/2"]
[WhiteElo "1890"]
[BlackElo "1737"]
[PlyCount "99"]
[EventDate "2021.??.??"]
[WhiteTeam "SV Horst-Emscher 2"]
[BlackTeam "SV Königsspringer Haltern 1"]

1. e4 c5 2. Nf3 d6 3. d4 cxd4 4. Nxd4 Nf6 5. Nc3 a6 6. Be2 e5 7. Nb3 Be6 8. Be3
Be7 9. O-O O-O 10. Kh1 d5 11. exd5 Nxd5 12. Nxd5 Qxd5 13. Qxd5 Bxd5 14. c4 Be4
15. Rfd1 Nc6 16. Nc5 Bxc5 17. Bxc5 Rfd8 18. Bb6 Rxd1+ 19. Rxd1 Re8 20. f3 Bf5
21. g4 Be6 22. b3 g6 23. g5 Bf5 24. Kg2 Kg7 25. Rd6 Re6 26. Bc7 Re7 27. Bb6 Re6
28. Rxe6 fxe6 29. Bc7 Kf7 30. Bd1 Ke7 31. c5 Kd7 32. Bd6 e4 33. Kf2 Nb4 34. a3
Nd5 35. fxe4 Bxe4 36. Be5 Kc6 37. Bd4 Bf5 38. Be2 Nf4 39. Bc4 Nh3+ 40. Ke3 Nxg5
41. b4 h5 42. a4 Nf7 43. b5+ axb5 44. axb5+ Kc7 45. h4 Bg4 46. Kf4 Bf5 47. Bf6
Bg4 48. Bf1 Bf5 49. Be2 Bh3 50. Bd3 1/2-1/2

[Event "SV Königsspringer Haltern 1 - SV Horst-"]
[Site "Verbandsklasse - Gruppe 2 202"]
[Date "2021.11.14"]
[Round "2.8"]
[White "Struebig, Dominik"]
[Black "Schreiner, Paulo"]
[Result "1/2-1/2"]
[WhiteElo "1643"]
[BlackElo "1774"]
[PlyCount "104"]
[EventDate "2021.??.??"]
[WhiteTeam "SV Königsspringer Haltern 1"]
[BlackTeam "SV Horst-Emscher 2"]

1. e4 e5 2. Nf3 Nc6 3. Bc4 Nf6 4. Ng5 d5 5. exd5 Na5 6. Bb5+ c6 7. dxc6 bxc6 8.
Be2 h6 9. Nf3 e4 10. Ne5 Bd6 11. d4 exd3 12. Nxd3 O-O 13. O-O Qc7 14. h3 Bf5
15. Nc3 Rad8 16. b3 Nb7 17. Bb2 Nc5 18. Qc1 Ne6 19. Re1 Ng5 20. h4 Bh2+ 21. Kh1
Ne6 22. Nd1 Ne4 23. Bf3 N6c5 24. Bxe4 Nxe4 25. Qe3 Nf6 26. Bxf6 gxf6 27. g3
Rfe8 28. Qxe8+ Rxe8 29. Rxe8+ Kg7 30. Kxh2 Qd7 31. Re3 Qd4 32. Rc1 Bg4 33. c3
Qd6 34. N1b2 Be6 35. Na4 Bf5 36. Rd1 Qa3 37. Nb4 a5 38. Nxc6 Qxa2 39. Kg2 Qxb3
40. Nd4 Qxd1 41. Nxf5+ Kh7 42. Nb2 Qd5+ 43. Rf3 Qb3 44. Nd3 a4 45. Nb4 a3 46.
Nd4 Qc4 47. Rxf6 Qxc3 48. Nbc2 Qc4 49. Rc6 Qd5+ 50. Kh2 a2 51. Ra6 Qc4 52. Rc6
Qd5 1/2-1/2

[Event "SK Germania Kupferdreh 1 - SC Rochade R"]
[Site "Verbandsklasse - Gruppe 2 202"]
[Date "2021.11.14"]
[Round "2.1"]
[White "Michalek, Christoph"]
[Black "Schaefer, Johannes"]
[Result "1-0"]
[WhiteElo "2141"]
[BlackElo "1772"]
[PlyCount "51"]
[EventDate "2021.??.??"]
[WhiteTeam "SC Rochade Rüttenscheid 1"]
[BlackTeam "SK Germania Kupferdreh 1"]

1. c4 g6 2. Nc3 Bg7 3. g3 Nf6 4. Bg2 O-O 5. e4 d6 6. Nge2 c5 7. O-O Nc6 8. d3
Bg4 9. f3 Bd7 10. h3 a6 11. f4 Rb8 12. g4 h5 13. g5 Ne8 14. f5 Bd4+ 15. Kh1 Ng7
16. Nxd4 Nxd4 17. f6 Nge6 18. Nd5 Nc6 19. Bf3 Nc7 20. Bxh5 gxh5 21. Qxh5 Ne8
22. g6 fxg6 23. Qxg6+ Kh8 24. Qh5+ Kg8 25. Rg1+ Ng7 26. Rxg7# 1-0

[Event "SK Germania Kupferdreh 1 - SC Rochade R"]
[Site "Verbandsklasse - Gruppe 2 202"]
[Date "2021.11.14"]
[Round "2.2"]
[White "Praemaßing, Reiner"]
[Black "Stanau, Guido"]
[Result "0-1"]
[WhiteElo "1850"]
[BlackElo "2001"]
[PlyCount "60"]
[EventDate "2021.??.??"]
[WhiteTeam "SK Germania Kupferdreh 1"]
[BlackTeam "SC Rochade Rüttenscheid 1"]

1. e4 c5 2. Nf3 d6 3. Nc3 Nc6 4. d4 cxd4 5. Nxd4 Nf6 6. Bc4 g6 7. Nxc6 bxc6 8.
e5 Ng4 9. e6 f5 10. h3 Nf6 11. Bb3 d5 12. Qe2 Qd6 13. Nb5 Qb4+ 14. Nc3 Bg7 15.
O-O a5 16. Re1 Ne4 17. Nxd5 cxd5 18. Bxd5 Ra6 19. a3 Qc5 20. Bc4 Rb6 21. Be3
Bd4 22. Bb5+ Kf8 23. b4 axb4 24. axb4 Qxb4 25. Reb1 Qc5 26. Bh6+ Bg7 27. Be3
Bd4 28. Bh6+ Kg8 29. Ra8 Bxf2+ 30. Kh2 Qe5+ 0-1

[Event "SK Germania Kupferdreh 1 - SC Rochade R"]
[Site "Verbandsklasse - Gruppe 2 202"]
[Date "2021.11.14"]
[Round "2.3"]
[White "Dorgarten, Armin"]
[Black "Bendel, Ruediger"]
[Result "1/2-1/2"]
[WhiteElo "1947"]
[BlackElo "1874"]
[PlyCount "29"]
[EventDate "2021.??.??"]
[WhiteTeam "SC Rochade Rüttenscheid 1"]
[BlackTeam "SK Germania Kupferdreh 1"]

1. d4 d5 2. Nc3 Bf5 3. Bf4 c6 4. f3 Nf6 5. g4 Bg6 6. h4 h5 7. g5 Nfd7 8. e3 e6
9. Bd3 Bxd3 10. Qxd3 g6 11. Nge2 Na6 12. a3 Be7 13. e4 Nb6 14. Be5 Rg8 15. b3
1/2-1/2

[Event "SK Germania Kupferdreh 1 - SC Rochade R"]
[Site "Verbandsklasse - Gruppe 2 202"]
[Date "2021.11.14"]
[Round "2.4"]
[White "Bauriedel, Friedrich"]
[Black "Scharenberg, Rainer"]
[Result "1/2-1/2"]
[WhiteElo "1803"]
[BlackElo "2052"]
[PlyCount "49"]
[EventDate "2021.??.??"]
[WhiteTeam "SK Germania Kupferdreh 1"]
[BlackTeam "SC Rochade Rüttenscheid 1"]

1. d4 g6 2. c3 Nf6 3. e3 Bg7 4. Bd3 O-O 5. f4 d6 6. Nf3 c5 7. O-O Nc6 8. Bc2 b5
9. h3 e6 10. Nbd2 b4 11. Ne4 Nxe4 12. Bxe4 Bb7 13. cxb4 cxb4 14. Bd2 a5 15. Rc1
Qb6 16. Kh2 Rac8 17. g4 e5 18. dxe5 dxe5 19. f5 Ne7 20. Bxb7 Qxb7 21. Nh4 f6
22. Qb3+ Kh8 23. a3 g5 24. Ng2 Nc6 25. axb4 1/2-1/2

[Event "SK Germania Kupferdreh 1 - SC Rochade R"]
[Site "Verbandsklasse - Gruppe 2 202"]
[Date "2021.11.14"]
[Round "2.5"]
[White "Koprek, Juergen"]
[Black "Zagrabski, Kevin"]
[Result "1/2-1/2"]
[WhiteElo "1882"]
[BlackElo "1885"]
[PlyCount "50"]
[EventDate "2021.??.??"]
[WhiteTeam "SC Rochade Rüttenscheid 1"]
[BlackTeam "SK Germania Kupferdreh 1"]

1. d4 g6 2. c4 Bg7 3. Nc3 d6 4. e4 Nc6 5. Be3 e5 6. d5 Nce7 7. Bd3 f5 8. f3 Nf6
9. Nge2 c5 10. Qd2 f4 11. Bf2 g5 12. O-O-O a6 13. Kb1 O-O 14. Nc1 Bd7 15. Nb3
Qc7 16. Rdg1 Ng6 17. Be1 Rfb8 18. Qe2 h6 19. Na1 b6 20. Nc2 Qa7 21. Na3 Ne8 22.
h4 Bf6 23. hxg5 Bxg5 24. g3 Kf7 25. Rh2 Nf6 1/2-1/2

[Event "SK Germania Kupferdreh 1 - SC Rochade R"]
[Site "Verbandsklasse - Gruppe 2 202"]
[Date "2021.11.14"]
[Round "2.6"]
[White "Degner, Friedhelm"]
[Black "Storp, Thomas"]
[Result "0-1"]
[WhiteElo "1765"]
[BlackElo "1831"]
[PlyCount "94"]
[EventDate "2021.??.??"]
[WhiteTeam "SK Germania Kupferdreh 1"]
[BlackTeam "SC Rochade Rüttenscheid 1"]

1. e4 c5 2. d4 cxd4 3. c3 dxc3 4. Nxc3 Nc6 5. Nf3 d6 6. Bc4 e6 7. O-O Be7 8.
Qe2 a6 9. h3 Nf6 10. Rd1 Qc7 11. Bf4 O-O 12. e5 dxe5 13. Bxe5 Nxe5 14. Nxe5 b5
15. Bb3 Bd6 16. Nf3 Bb7 17. Rac1 Qb6 18. Bxe6 Bf4 19. Bb3 Bxc1 20. Rxc1 b4 21.
Na4 Qa5 22. Ne5 Bd5 23. Rc5 Qd8 24. Nc6 Bxc6 25. Rxc6 Rc8 26. Qxa6 Rxc6 27.
Qxc6 Qe7 28. Nc5 Qe1+ 29. Kh2 Qxf2 30. Nd3 Qd2 31. Qc4 Nd7 32. Qb5 Nf6 33. Qc4
g6 34. Nxb4 Qxb2 35. Nd3 Qd2 36. a4 Qe3 37. a5 Ne4 38. a6 Nd2 39. Qb5 Nxb3 40.
Qxb3 Rd8 41. Qb7 Qxd3 42. a7 Qa3 43. Qb8 Qa5 44. h4 h5 45. Kh3 Qf5+ 46. Kh2 Qc8
47. Qb2 Qc7+ 0-1

[Event "SK Germania Kupferdreh 1 - SC Rochade R"]
[Site "Verbandsklasse - Gruppe 2 202"]
[Date "2021.11.14"]
[Round "2.7"]
[White "Neaga, Bogdan"]
[Black "Richter, Juergen"]
[Result "1-0"]
[WhiteElo "1843"]
[BlackElo "1819"]
[PlyCount "53"]
[EventDate "2021.??.??"]
[WhiteTeam "SC Rochade Rüttenscheid 1"]
[BlackTeam "SK Germania Kupferdreh 1"]

1. e4 g6 2. d4 d6 3. Be3 Bg7 4. Nc3 c6 5. Qd2 Qc7 6. Nf3 Nd7 7. Bc4 Nb6 8. Bb3
e6 9. a4 a5 10. O-O-O Bd7 11. e5 d5 12. h4 h6 13. Nh2 Nc4 14. Bxc4 dxc4 15. Ne4
Bf8 16. Ng4 O-O-O 17. Nd6+ Bxd6 18. exd6 Qxd6 19. Bf4 Qb4 20. Qe3 g5 21. Bg3 f5
22. hxg5 hxg5 23. Rxh8 f4 24. Bxf4 gxf4 25. Qxf4 Ne7 26. Rxd8+ Kxd8 27. Rh1 1-0